Mianhada, saranghanda Sorry, I love you. Part C /
미안하다, 사랑한다 Sorry, I love you. Part C.
| Andre forfattere: | , , , |
|---|---|
| Format: | Video DVD |
| Sprog: | Multiple Korean |
| Udgivet: |
Taibei Shi :
Han yu guo ji shi ye you xian gong si zhi zuo fa xing ; Fang lian ke ji gu fen you xian gong si zu jing xiao,
[200-?].
|
| Fag: |
| LEADER | 01604cgm a2200373 a 4500 | ||
|---|---|---|---|
| 001 | 0025836 | ||
| 003 | BD-DhAAL | ||
| 005 | 20251007124729.0 | ||
| 007 | vd cvaizk | ||
| 008 | 120829p ko nnn vlmul d | ||
| 024 | 1 | |a 8809246770867 | |
| 040 | |a BD-DhAAL |c BD-DhAAL | ||
| 041 | |a kor |b eng | ||
| 082 | 0 | 0 | |a 791.43 |2 22 |
| 245 | 1 | 0 | |6 880-01 |a Mianhada, saranghanda |h [videorecording] = |b Sorry, I love you. |n Part C / |c Chi-sŏp So, Su-jŏng Im, Kyŏng-ho Chŏng, Chi-yŏng Sŏ. |
| 246 | 3 | 1 | |a Dui bu qi, wo ai ni |
| 260 | |a Taibei Shi : |b Han yu guo ji shi ye you xian gong si zhi zuo fa xing ; |b Fang lian ke ji gu fen you xian gong si zu jing xiao, |c [200-?]. | ||
| 300 | |a 2 videodiscs (DVD) : |b sd., col. ; |c 4 3/4 in. | ||
| 500 | |a Title in Korean: Mian hada sarang handa | ||
| 500 | |a This TV series tells one of abandoned children suffering life's heartbreaking story. | ||
| 538 | |a DVD; Dolby Digital; NTSC. | ||
| 541 | 1 | |e 00025836 | |
| 546 | |a In Mandarin Chinese with Chinese subtitles. | ||
| 650 | 0 | |a Motion picture |x DVD special features. |9 4969 | |
| 650 | 0 | |a Mothers and sons |z Korea (South) |x Drama. |9 4970 | |
| 700 | 1 | |a So, Chi-sŏp |9 4971 | |
| 700 | 1 | |a Im, Su-jŏng |9 4972 | |
| 700 | 1 | |a Chŏng, Kyŏng-ho |9 4973 | |
| 700 | 1 | |a Sŏ, Chi-yŏng |9 4974 | |
| 852 | 4 | |a Ayesha Abed Library | |
| 880 | |6 245-01 |a 미안하다, 사랑한다 |h [videorecording] = |b Sorry, I love you. |n Part C. | ||
| 942 | |2 ddc |c AV | ||
| 999 | |c 12795 |d 12795 | ||
| 952 | |0 0 |1 0 |2 ddc |4 0 |6 791_430000000000000_MIA |7 0 |9 21063 |a BRACUL |b BRACUL |c AV |d 2012-08-28 |e BIL |g 1.00 |l 0 |o 791.43 MIA |p 4010025836 |r 2012-09-04 |t 1 |w 2012-08-28 |y AV | ||